000 00662nam a2200229Ia 4500
003 OSt
005 20221007071818.0
006 a|||||r|||| 00| 0
007 ta
008 221006b |||||||| |||| 00| 0 eng d
024 _a25,553
037 _cTextual
040 _aFLL
_cFLL
_beng
041 _2eng
_aeng
082 _aV3:23:Z881, D5
100 _aGordon J. W.
_9689479
245 0 _aApiellate jurisdiction of the house of lords and of the full parliament
260 _aLondon
_bJohn Murry, Albemarle Street,W. UK
_c1905
300 _avii,46p
_ccm.
942 _hV3:23:Z881, D5
_cTEXL
_2CC
999 _c1144402
_d1144402